Airlines with most profit - Statistics

General Stats
  • This quiz has been taken 44 times
  • The average score is 7 of 10
Answer Stats
Revenue (billion USD) Airline % Correct
54.2 American Airlines
95%
61.6 Delta Airlines
95%
57.1 United Airlines
87%
34.2 British Airways-Iberia
82%
36.2 Air France-KLM
77%
27.5 Southwest airlines
72%
40.4 Lufthansa group
59%
22.5 Turkish Airlines
54%
23.0 Air China
51%
24.5 China Southern
21%
No matching quizzes found
Score Distribution
Percent of People with Each Score
Percentile by Number Answered
Your Score History
You have not taken this quiz